People and environment in Africa
Αποθηκεύτηκε σε:
| Άλλοι συγγραφείς: | |
|---|---|
| Μορφή: | Βιβλίο |
| Γλώσσα: | English |
| Δημοσίευση: |
Chichester :
John Wiley and sons,
c1995
|
| Θέματα: | |
| Ετικέτες: |
Προσθήκη ετικέτας
Δεν υπάρχουν, Καταχωρήστε ετικέτα πρώτοι!
|
MARC
| LEADER | 00000nam a2200000 i 4500 | ||
|---|---|---|---|
| 001 | 1/15155 | ||
| 008 | 010110s1995 eng d | ||
| 020 | |a 0-471-95100-5 | ||
| 035 | |l 10065284 | ||
| 040 | |a GR-MY-UA |b gre |e aacr | ||
| 041 | 0 | |a eng | |
| 082 | 0 | |a 304.2096 | |
| 245 | 1 | 0 | |a People and environment in Africa / |c edited by Tony Binns |
| 260 | |a Chichester : |b John Wiley and sons, |c c1995 | ||
| 300 | |a 274 p. | ||
| 504 | |a Includes bibliographical references and index | ||
| 650 | 0 | 0 | |a Human geography |z Africa. |
| 650 | 0 | 0 | |a Nature |x Effect of human beings on |z Africa. |
| 650 | 0 | 0 | |a Rural development |z Africa. |
| 650 | 0 | 0 | |a Environmental degradation |z Africa. |
| 651 | 0 | |a Africa |x Environmental conditions. | |
| 700 | 1 | |a Binns, Tony. |4 edt | |
| 852 | |a INST |b LESVOS |e 20010110 |h 304.2096 PEO |p 005100029119 |q 005100029119 |t BK |y 0 | ||
| 901 | |a BIBL1-2001-1 | ||
| 909 | |a Λ |b 084265 | ||
| 922 | |a 1ΕΛΗ |b 200012 |c ΤΑΚ/ |d ΜΙΧΑΛΟΠΟΥΛΟΣ | ||
| 950 | |a 118-1999-09-20 | ||
| 970 | |a ΤΖΑΦΕΡΗ |b ΕΥΑΓΓΕΛΙΑ |z 2001/03/05 | ||